000 00994cam a2200229 i 4500
005 20251108165520.0
008 250721s1996 jo gr 000 0 ara d
082 1 4 _a212
_bع ي س
245 0 0 _aعيسى و مريم في القرآن و التفاسير /
_cتحرير رياض أبو وندي، علاء رشق، حسن البطوش، عواد علي؛ باشراف يوسف قزما خوري.
264 1 _aعمان :
_bالمعهد الملكي للدراسات الدينية، دار الشروق للنشر و التوزيع،
_c1996.
300 _a584صفحة.
650 1 7 _aالقرآن الكريم.
650 1 7 _aتفسير القرآن.
650 1 7 _aقصص القرآن.
700 1 _aأبو واندي، رياض
_eمحرر.
700 1 _aرشق، علاء
_eمحرر.
700 1 _aالبطوش، حسن
_eمحرر.
700 1 _aعلي، عواد
_eمحرر.
700 1 _aخوري،يوسف قزما
_eمشرف.
942 _2ddc
_cREF
999 _c29724
_d29724